[Event "13th Parsvnath Open"]
[Site "New Delhi IND"]
[Date "2015.01.10"]
[Round "2.27"]
[White "Dodeja, Pawan"]
[Black "Karthikeyan, P."]
[Result "0-1"]
[BlackTitle "IM"]
[WhiteElo "2172"]
[BlackElo "2435"]
[WhiteFideId "5012686"]
[BlackFideId "5018226"]
[EventDate "2015.01.09"]

1. e4 c5 2. Nf3 e6 3. d4 cxd4 4. Nxd4 Nc6 5. Nc3 Qc7 6. Be3 a6 7. Be2 b5 8. a3
Bb7 9. f4 Rc8 10. O-O Bc5 11. Nf5 Bxe3+ 12. Nxe3 Nge7 13. Kh1 O-O 14. f5 Ne5 15.
Bd3 f6 16. Qh5 Qb6 17. Qh3 Rfe8 18. Ne2 exf5 19. Nxf5 Nxf5 20. Qxf5 Nxd3 21.
cxd3 d5 22. Nc3 dxe4 23. dxe4 Qe6 24. Rfe1 Rc4 25. Qxe6+ Rxe6 26. Kg1 Bxe4 27.
Nxe4 Rcxe4 28. Rxe4 Rxe4 29. Rc1 a5 30. Kf2 a4 31. Rc3 b4 32. Rc8+ Kf7 33. Kf3
Rh4 34. h3 bxa3 35. bxa3 g5 36. Rc6 h5 37. Ke3 Kg6 38. Rc5 Rf4 39. g3 Rf1 40.
Rc4 Rh1 41. Kf3 Rxh3 42. Kg2 g4 43. Rxa4 Kg5 44. Ra5+ f5 45. Rc5 h4 46. gxh4+
Rxh4 47. Rc3 Rh6 48. a4 f4 49. Ra3 f3+ 50. Kg1 Kf4 51. a5 g3 52. Ra4+ Kf5 53.
Ra1 Rh2 54. a6 f2+ 0-1

[Event "13th Parsvnath Open"]
[Site "New Delhi IND"]
[Date "2015.01.10"]
[Round "2.28"]
[White "Aradhya, Garg"]
[Black "Rajesh, V A V"]
[Result "1-0"]
[BlackTitle "IM"]
[WhiteElo "2158"]
[BlackElo "2397"]
[WhiteFideId "25006746"]
[BlackFideId "5029317"]
[EventDate "2015.01.09"]

1. d4 Nf6 2. c4 g6 3. Nc3 d5 4. cxd5 Nxd5 5. e4 Nxc3 6. bxc3 Bg7 7. Be3 c5 8.
Rc1 Qa5 9. Qd2 cxd4 10. cxd4 Qxd2+ 11. Kxd2 O-O 12. Nf3 Rd8 13. d5 Nc6 14. Ke1
Na5 15. Bg5 Bd7 16. Bd3 Bb2 17. Rb1 Ba3 18. h4 Rdc8 19. h5 Ba4 20. hxg6 hxg6 21.
e5 Bc2 22. Bxc2 Rxc2 23. d6 Re8 24. Bxe7 Rxe7 25. dxe7 Bxe7 26. Rh3 Rxa2 27. Nd2
Ra4 28. Ke2 Bb4 29. Ne4 Ra2+ 30. Kf1 Nc6 31. Nf6+ Kg7 32. Rh7+ Kf8 33. g4 a5 34.
Rh8+ Kg7 35. Rg8+ 1-0

[Event "13th Parsvnath Open"]
[Site "New Delhi IND"]
[Date "2015.01.10"]
[Round "2.29"]
[White "Del Rey, Diego"]
[Black "Santu, Mondal"]
[Result "1-0"]
[WhiteTitle "IM"]
[WhiteElo "2390"]
[BlackElo "2178"]
[WhiteFideId "102164"]
[BlackFideId "5025354"]
[EventDate "2015.01.09"]

1. d4 d5 2. c4 e6 3. Nf3 c6 4. Qc2 Nf6 5. Bg5 dxc4 6. Qxc4 b5 7. Qc2 Bb7 8. Nbd2
Nbd7 9. e4 a6 10. a4 Bb4 11. Be2 c5 12. O-O Qb6 13. axb5 axb5 14. Rxa8+ Bxa8 15.
e5 Nd5 16. Ne4 O-O 17. Ng3 1-0

[Event "13th Parsvnath Open"]
[Site "New Delhi IND"]
[Date "2015.01.10"]
[Round "2.30"]
[White "Deshpande, Aniruddha"]
[Black "Rathnakaran, K."]
[Result "1-0"]
[BlackTitle "IM"]
[WhiteElo "2157"]
[BlackElo "2387"]
[WhiteFideId "5021774"]
[BlackFideId "5005507"]
[EventDate "2015.01.09"]

1. e4 e6 2. d4 d5 3. Nd2 Nf6 4. e5 Nfd7 5. c3 c5 6. f4 Nc6 7. Ndf3 cxd4 8. cxd4
f6 9. Bd3 Bb4+ 10. Bd2 Bxd2+ 11. Qxd2 O-O 12. Ne2 Nb6 13. exf6 Rxf6 14. Ne5 Bd7
15. O-O Qe7 16. a3 Raf8 17. Rf3 Nxe5 18. dxe5 Rh6 19. Qb4 Qd8 20. Rc1 Rf7 21. b3
Rh5 22. Qd6 g6 23. g3 Qe8 24. Nd4 Nc8 25. Qb8 Qf8 26. Qxb7 Qxa3 27. Rxc8+ Kg7
28. Rc7 Qa1+ 29. Kg2 Qxd4 30. Rxd7 Qb2+ 31. Rf2 Rxh2+ 32. Kxh2 Qxf2+ 33. Kh3
Rxd7 34. Qxd7+ Kh6 35. Qe7 Qf3 36. Qf8+ Kh5 37. Bxg6+ 1-0

[Event "13th Parsvnath Open"]
[Site "New Delhi IND"]
[Date "2015.01.10"]
[Round "2.31"]
[White "Lazarev, Vladimir"]
[Black "Nishant, Malhotra"]
[Result "0-1"]
[WhiteTitle "GM"]
[WhiteElo "2379"]
[BlackElo "2167"]
[WhiteFideId "4113250"]
[BlackFideId "5099129"]
[EventDate "2015.01.09"]

1. Nf3 d5 2. c4 c6 3. e3 Nf6 4. d4 Bf5 5. Nc3 e6 6. Nh4 Be4 7. f3 Bg6 8. Qb3 Qc7
9. Bd2 Be7 10. g3 O-O 11. Rc1 Qd7 12. Nxg6 hxg6 13. Bg2 Rd8 14. Rc2 dxc4 15.
Qxc4 Na6 16. a3 c5 17. dxc5 Nxc5 18. O-O Rac8 19. Qe2 Na4 20. f4 Nd5 21. Bxd5
exd5 22. Rfc1 Nxb2 23. Nxd5 Bxa3 24. e4 Rxc2 25. Rxc2 Na4 26. Be3 b5 27. Rc7 Qe8
28. Qd3 Bd6 29. Rxa7 Nc5 30. Qc2 Nxe4 31. Bb6 Bc5+ 32. Bxc5 Rxd5 33. Bb4 Nc5 34.
Bxc5 Qe1+ 35. Kg2 Rd2+ 36. Qxd2 Qxd2+ 37. Bf2 b4 38. Ra8+ Kh7 39. Rb8 Qd5+ 40.
Kg1 b3 41. Be3 Qd1+ 42. Kf2 Qc2+ 43. Kf3 b2 0-1

[Event "13th Parsvnath Open"]
[Site "New Delhi IND"]
[Date "2015.01.10"]
[Round "2.32"]
[White "Neelash, Saha"]
[Black "Nitin, S."]
[Result "0-1"]
[BlackTitle "IM"]
[WhiteElo "2010"]
[BlackElo "2355"]
[WhiteFideId "5094160"]
[BlackFideId "5018277"]
[EventDate "2015.01.09"]

1. e4 e5 2. Bc4 Nf6 3. d3 c6 4. Nc3 d5 5. exd5 cxd5 6. Bb3 Be7 7. Bg5 Bg4 8. Qd2
Nbd7 9. h3 Bh5 10. Bxf6 Nxf6 11. Qg5 O-O 12. Nxd5 Nxd5 13. Qxh5 Nf4 14. Qf3 a5
15. a4 Qd4 16. O-O-O b5 17. axb5 a4 18. c3 Qa7 19. Bc4 a3 20. Ne2 axb2+ 21. Kd2
Ne6 22. Rb1 Qa4 23. h4 Rad8 24. Qg4 Nf4 25. Ke3 Bc5+ 26. Ke4 Qa8+ 27. Kxe5 Bd6+
28. Kd4 Qa7+ 29. b6 Qxb6+ 30. Ke4 Rde8+ 0-1

[Event "13th Parsvnath Open"]
[Site "New Delhi IND"]
[Date "2015.01.10"]
[Round "2.33"]
[White "Kulkarni, Vikramaditya"]
[Black "Kumar, Gaurav"]
[Result "1/2-1/2"]
[WhiteTitle "IM"]
[WhiteElo "2354"]
[BlackElo "1986"]
[WhiteFideId "5009847"]
[BlackFideId "5085578"]
[EventDate "2015.01.09"]

1. Nf3 Nf6 2. g3 d5 3. Bg2 e6 4. O-O Be7 5. d3 O-O 6. Nbd2 c5 7. e4 Nc6 8. e5
Nd7 9. Re1 Qc7 10. Qe2 b5 11. Nf1 b4 12. h4 a5 13. Bf4 Nd4 14. Nxd4 cxd4 15. Nh2
Qc5 16. g4 a4 17. g5 Ba6 18. Rac1 Rfc8 19. h5 a3 20. b3 Qc3 21. Bxd5 exd5 22. e6
Bf8 23. g6 fxe6 24. Qxe6+ Kh8 25. Qxd7 Qc6 26. Qf7 Qf6 27. Qxf6 gxf6 28. Re6
hxg6 29. Rxf6 gxh5 30. Rf5 Bg7 31. Rxh5+ Kg8 32. Rg5 Kf7 33. Rxd5 Rc6 34. Rd7+
Kg8 35. Kh1 Rg6 36. Rg1 Rxg1+ 37. Kxg1 Re8 38. Bd2 Rc8 39. Bxb4 Rxc2 40. Ra7
Bxd3 41. Ra8+ Kh7 42. Rxa3 Rc1+ 43. Kg2 Be4+ 44. f3 Rc2+ 45. Kh3 Bf5+ 46. Kg3 d3
47. Nf1 Bh6 48. Ra7+ Kg6 49. Ra6+ Kh7 50. Rxh6+ Kxh6 51. Ne3 Re2 52. Nxf5+ Kg6
53. Nh4+ Kf7 54. Nf5 d2 55. Ne3 Rxe3 56. Bxd2 Re2 57. Bb4 Rxa2 58. Bc5 Rc2 59.
b4 Kf6 60. Kg4 Rc4+ 61. f4 Ke6 62. Kg5 Rc2 63. Kg4 Rb2 64. f5+ Kf7 65. Kf4 Rb1
66. Ke5 Re1+ 67. Kd6 Kf6 68. b5 Rb1 69. b6 Rxb6+ 70. Bxb6 Kxf5 1/2-1/2

[Event "13th Parsvnath Open"]
[Site "New Delhi IND"]
[Date "2015.01.10"]
[Round "2.34"]
[White "Kranti, Kumar P."]
[Black "Krishna, C.R.G."]
[Result "0-1"]
[WhiteElo "1954"]
[BlackElo "2350"]
[WhiteFideId "5025028"]
[BlackFideId "5018625"]
[EventDate "2015.01.09"]

1. e4 e6 2. d4 d5 3. Nc3 Bb4 4. e5 c5 5. a3 Bxc3+ 6. bxc3 Qa5 7. Bd2 Qa4 8. Qb1
c4 9. Ne2 f6 10. f4 Nc6 11. Ng3 fxe5 12. fxe5 Nge7 13. Be2 O-O 14. h4 Ng6 15. h5
Nge7 16. Qc1 Bd7 17. h6 g6 18. Bg5 Qa5 19. Qe3 Rf5 20. Bxe7 Nxe7 21. Nxf5 Nxf5
22. Qd2 Ng3 23. Rh3 Ne4 24. Qe3 Rf8 25. Rf3 Rf5 26. g4 Rxf3 27. Bxf3 Qd8 0-1

[Event "13th Parsvnath Open"]
[Site "New Delhi IND"]
[Date "2015.01.10"]
[Round "2.35"]
[White "Visakh, NR"]
[Black "Sumit, Grover"]
[Result "1/2-1/2"]
[WhiteElo "2346"]
[BlackElo "1952"]
[WhiteFideId "25012223"]
[BlackFideId "5020409"]
[EventDate "2015.01.09"]

1. Nf3 Nf6 2. d4 c5 3. e3 cxd4 4. exd4 d5 5. c3 Nc6 6. Bd3 Bg4 7. O-O a6 8. Nbd2
e6 9. h3 Bh5 10. Re1 Be7 11. Nf1 O-O 12. Ng3 Bg6 13. Bf4 Bd6 14. Bxd6 Qxd6 15.
Ne5 Nd7 16. Bxg6 fxg6 17. Nxd7 Qxd7 18. Qg4 Rf6 19. Re2 Raf8 20. Nf1 Qf7 21. f3
h5 22. Qg3 Kh7 23. Rae1 Qd7 24. Ne3 R8f7 25. Nd1 Rf8 26. Nf2 Ne7 27. Nd3 Nf5 28.
Qg5 Qc8 29. a3 Nd6 30. Qg3 Nc4 31. Nf2 Qd7 32. Nd3 Qc8 33. h4 Kg8 34. Qh3 Re8
35. Nc5 Kf7 36. Qg3 b6 37. Nd3 Qb8 38. Qh3 Qc7 39. Nb4 Qb7 40. Nd3 Qc7 41. Nb4
Qb7 42. Qg3 a5 43. Nd3 Qb8 44. Qh3 Qc7 45. a4 Re7 46. Qh2 Qxh2+ 47. Kxh2 Rc7 48.
Rf1 Rc8 49. Rfe1 Rc7 50. Nf2 Re7 51. Nh3 Ke8 52. Kg3 Nd6 53. Kf2 Kd7 54. g3 Nf5
55. Nf4 Kd6 56. Nh3 Nh6 57. Kg2 Nf5 58. Re5 Nh6 59. Nf4 Nf7 60. R5e2 Nh6 61. Kh2
Nf5 62. Kh3 Nh6 63. Re3 Nf5 64. Re5 Kd7 65. Ra1 Kd6 66. Rae1 Kd7 67. Rb1 Ref7
68. Ne2 Nd6 69. Ng1 Rf5 70. Re2 R5f6 71. Kg2 Nc4 72. Rbe1 Nd6 73. Nh3 Nf5 74.
Ng5 Re7 75. Rb1 Nd6 76. b3 Kc6 77. Rbe1 Kd7 78. Nh3 Nf5 79. Ng5 Nd6 80. Kh3 Nf7
81. Nh7 Rxf3 82. Nf8+ Kc8 83. Rxe6 Rxe6 84. Rxe6 Nd8 85. Re8 Kc7 86. Nxg6 Rxc3
87. Nf4 Rxb3 88. Re7+ Kd6 89. Rxg7 Nc6 90. Rg6+ Kd7 91. Nxd5 Nxd4 92. Nxb6+ Ke7
93. Nd5+ Kf7 94. Rf6+ Kg7 95. Rb6 Rxb6 96. Nxb6 Nb3 97. Nd7 Kg6 98. Ne5+ Kf5 99.
Nd3 Kg6 100. Kg2 Nd4 101. Nf4+ Kh6 102. Kf2 Nb3 103. Nd5 Nc5 104. Nc3 Kg6 105.
Ke3 Kf5 106. Kd4 Nxa4 107. Nxa4 Kg4 108. Nc5 Kxg3 109. Ne4+ Kxh4 1/2-1/2

[Event "13th Parsvnath Open"]
[Site "New Delhi IND"]
[Date "2015.01.10"]
[Round "2.36"]
[White "De Silva, Osheen"]
[Black "Swapnil, S. Dhopade"]
[Result "1-0"]
[BlackTitle "IM"]
[WhiteElo "1886"]
[BlackElo "2424"]
[WhiteFideId "9902252"]
[BlackFideId "5019184"]
[EventDate "2015.01.09"]

1. e4 c6 2. d4 d5 3. Nc3 dxe4 4. Nxe4 Bf5 5. Ng3 Bg6 6. h4 h6 7. Nf3 e6 8. h5
Bh7 9. Bd3 Bxd3 10. Qxd3 Nf6 11. Bd2 c5 12. O-O-O Nc6 13. Be3 Qa5 14. Kb1 O-O-O
15. Qb3 Bd6 16. dxc5 Bxc5 17. Bxc5 Qxc5 18. Qe3 Qxe3 19. fxe3 Ng4 20. Rde1 Rd5
21. b3 Rhd8 22. Ne4 b6 23. Kb2 Kb7 24. Re2 Rd1 25. Rh4 Nge5 26. Nf2 Rf1 27. Nxe5
Nxe5 28. Rd4 Kc7 29. Kc3 Rd7 30. a4 a5 31. Rf4 Rd5 32. Rd2 Rxd2 33. Kxd2 Rg1 34.
g4 f6 35. Ke2 Kc6 36. Rd4 f5 37. gxf5 exf5 38. e4 f4 39. Nd3 f3+ 40. Kf2 Rg2+
41. Ke3 Re2+ 42. Kf4 Nxd3+ 43. Rxd3 f2 44. Rf3 Rxc2 45. Kg3 Rb2 46. Kg2 Rc2 47.
Kg3 Rc5 1-0

[Event "13th Parsvnath Open"]
[Site "New Delhi IND"]
[Date "2015.01.10"]
[Round "2.37"]
[White "Mozharov, Mikhail"]
[Black "Joshi, Govind Ballabh"]
[Result "1-0"]
[WhiteTitle "GM"]
[WhiteElo "2557"]
[BlackElo "2100"]
[WhiteFideId "4189825"]
[BlackFideId "5000262"]
[EventDate "2015.01.09"]

1. d4 d5 2. c4 e6 3. Nc3 Nf6 4. Bg5 Be7 5. e3 h6 6. Bxf6 Bxf6 7. Nf3 O-O 8. Qc2
dxc4 9. Bxc4 c5 10. dxc5 Qa5 11. O-O Bxc3 12. Qxc3 Qxc3 13. bxc3 Nd7 14. c6 bxc6
15. Rab1 Nb6 16. Be2 c5 17. Rfc1 Rd8 18. Kf1 Bd7 19. Rb3 f6 20. Ra3 Ba4 21. c4
Rd6 22. Ne1 Rad8 23. Nd3 Rc8 24. Nb2 Bc6 25. Rxa7 Bxg2+ 26. Kxg2 Rd2 27. Bh5
Rxb2 28. Bf7+ Kh8 29. a4 Rd8 30. Bxe6 Rdd2 31. Rf1 Rb4 32. Bf5 g6 33. Bxg6 Nxc4
34. Kg3 Ne5 35. Bf5 Nc6 36. Rc7 Na5 37. Rg1 Rd5 38. e4 1-0

[Event "13th Parsvnath Open"]
[Site "New Delhi IND"]
[Date "2015.01.10"]
[Round "2.38"]
[White "Neverov, Valeriy"]
[Black "Patil, Pratik"]
[Result "1-0"]
[WhiteTitle "GM"]
[WhiteElo "2501"]
[BlackElo "2139"]
[WhiteFideId "14100150"]
[BlackFideId "5038758"]
[EventDate "2015.01.09"]

1. d4 Nf6 2. c4 g6 3. Nc3 d5 4. Nf3 Bg7 5. Bg5 Ne4 6. Bh4 Nxc3 7. bxc3 c5 8. e3
Nc6 9. cxd5 Qxd5 10. Be2 O-O 11. O-O cxd4 12. cxd4 b6 13. Rc1 Bb7 14. Qa4 Rac8
15. Ba6 Bxa6 16. Qxa6 Qd7 17. h3 e5 18. dxe5 Nxe5 19. Nd4 Rc5 20. f4 Rfc8 21.
Rcd1 Nc4 22. Nb3 Qc6 23. Nxc5 Nxe3 24. Qb7 Qxc5 25. Bf2 Qc3 26. Bxe3 Qxe3+ 27.
Kh1 Re8 28. Qxa7 Bd4 29. Qd7 Bc5 30. f5 g5 31. f6 h6 32. Qf5 Qg3 33. Rd3 Qe5 34.
Rd8 Qe2 35. Rfd1 Kh8 36. Rxe8+ Qxe8 37. Qd7 Qe2 38. Qc8+ 1-0

[Event "13th Parsvnath Open"]
[Site "New Delhi IND"]
[Date "2015.01.10"]
[Round "2.39"]
[White "Shyam, Nikil P."]
[Black "Varshini, V"]
[Result "1-0"]
[WhiteTitle "IM"]
[BlackTitle "WFM"]
[WhiteElo "2455"]
[BlackElo "2071"]
[WhiteFideId "5024218"]
[BlackFideId "5091241"]
[EventDate "2015.01.09"]

1. e4 c5 2. Ne2 d6 3. g3 g6 4. Bg2 Bg7 5. c3 e6 6. d4 cxd4 7. cxd4 Ne7 8. Nbc3
a6 9. h4 h5 10. Bg5 Nd7 11. Qd2 Rb8 12. Rd1 Nb6 13. Qf4 e5 14. dxe5 Bxe5 15. Qc1
f6 16. f4 fxg5 17. fxe5 gxh4 18. Rxd6 Qc7 19. Rf1 Nd7 20. Qg5 Qc5 21. Nd5 Nxd5
22. exd5 Qa5+ 23. Nc3 Nf8 24. Qf6 1-0

[Event "13th Parsvnath Open"]
[Site "New Delhi IND"]
[Date "2015.01.10"]
[Round "2.40"]
[White "Gagare, Shardul"]
[Black "Snehal, Bhosale"]
[Result "1-0"]
[WhiteTitle "IM"]
[WhiteElo "2437"]
[BlackElo "2087"]
[WhiteFideId "5037883"]
[BlackFideId "5021995"]
[EventDate "2015.01.09"]

1. Nf3 Nc6 2. d4 d5 3. c4 Bg4 4. cxd5 Bxf3 5. gxf3 Qxd5 6. e3 e5 7. Nc3 Bb4 8.
Bd2 Bxc3 9. bxc3 exd4 10. cxd4 Nge7 11. Rg1 O-O 12. Rc1 Ng6 13. Bc4 Qd7 14. Rg3
Rfe8 15. Kf1 Nce7 16. f4 Nf5 17. Rg5 Nfh4 18. f5 Nxf5 19. Qg4 Ngh4 20. Rxg7+ Kh8
21. Bd3 h5 22. Rh7+ Kxh7 23. Qxh4 Kg8 24. Qxh5 Nd6 25. Ke2 Kf8 26. Rg1 Qe6 27.
Qh4 a5 28. e4 Nf5 29. Qh5 Nxd4+ 30. Kf1 Ke7 31. Rg5 Qxa2 32. Bc3 Qb3 33. Rc5 Ne6
34. Rf5 Nd4 35. Qg5+ Kd7 36. Qd2 Kc8 37. Bxd4 Rd8 38. Rd5 Rxd5 39. exd5 Qxd5 40.
Qe3 Qe6 41. Bf5 Kd7 42. Bxe6+ fxe6 43. h4 1-0

[Event "13th Parsvnath Open"]
[Site "New Delhi IND"]
[Date "2015.01.10"]
[Round "2.41"]
[White "Himanshu, Sharma"]
[Black "Michelle Catherina, P"]
[Result "1-0"]
[WhiteTitle "IM"]
[WhiteElo "2427"]
[BlackElo "2061"]
[WhiteFideId "5007836"]
[BlackFideId "5005736"]
[EventDate "2015.01.09"]

1. e4 e5 2. Nf3 Nc6 3. Bb5 Nge7 4. O-O g6 5. c3 a6 6. Ba4 Bg7 7. d4 exd4 8. cxd4
b5 9. Bb3 O-O 10. a4 b4 11. d5 Na5 12. Nbd2 Nxb3 13. Qxb3 a5 14. Nc4 d6 15. Re1
h6 16. Be3 f5 17. e5 Kh7 18. Rad1 Ra6 19. exd6 cxd6 20. Bb6 Rxb6 21. Nxb6 Bb7
22. Qe3 Rf7 23. Qe6 Rf8 24. Nd7 Ng8 1-0

[Event "13th Parsvnath Open"]
[Site "New Delhi IND"]
[Date "2015.01.10"]
[Round "2.42"]
[White "Satyapragyan, Swayangsu"]
[Black "Mirzaad, S.wahabuddin"]
[Result "1-0"]
[WhiteTitle "IM"]
[WhiteElo "2410"]
[BlackElo "2065"]
[WhiteFideId "5004306"]
[BlackFideId "11700785"]
[EventDate "2015.01.09"]

1. e4 e6 2. d4 d5 3. Nc3 Bb4 4. e5 Ne7 5. a3 Bxc3+ 6. bxc3 c5 7. Qg4 O-O 8. Bd3
c4 9. Be2 f5 10. Qg3 Nbc6 11. Nh3 Kh8 12. a4 Bd7 13. Nf4 Rg8 14. h4 g6 15. Nh3
f4 16. Qxf4 Rf8 17. Qd2 Nf5 18. g4 Nfe7 19. Ba3 Rf7 20. Ng5 Rg7 21. h5 gxh5 22.
Rxh5 Ng8 23. Rb1 b6 24. Qf4 Qe8 25. Kd2 Nce7 26. Rbh1 h6 27. Rxh6+ Nxh6 28.
Rxh6+ Kg8 29. Qh2 Rxg5 30. Rh8+ Kf7 31. Rxe8 Rxe8 32. Qf4+ 1-0

[Event "13th Parsvnath Open"]
[Site "New Delhi IND"]
[Date "2015.01.10"]
[Round "2.47"]
[White "Puranik, Abhimanyu"]
[Black "Randil, Lakshitha"]
[Result "1-0"]
[WhiteTitle "CM"]
[WhiteElo "2278"]
[BlackElo "1924"]
[WhiteFideId "5061245"]
[BlackFideId "9900918"]
[EventDate "2015.01.09"]

1. e4 e5 2. Nf3 Nf6 3. Nxe5 d6 4. Nf3 Nxe4 5. d4 d5 6. Bd3 Nc6 7. O-O Be7 8. c4
Nb4 9. cxd5 Nxd3 10. Qxd3 Qxd5 11. Re1 Bf5 12. g4 Bg6 13. Nc3 Nxc3 14. Qxc3 Qd6
15. Bg5 f6 16. Bh4 O-O-O 17. Bg3 Qd7 18. Bxc7 Qxc7 19. Rxe7 Qxc3 20. bxc3 Rd7
21. Rae1 h5 22. h3 hxg4 23. hxg4 Bf7 24. a3 Bd5 25. Re8+ Rd8 26. Rxd8+ Kxd8 27.
Re3 Kd7 28. Kf1 Rh1+ 29. Ng1 g5 30. f3 Rh2 31. Ne2 Bc4 32. Ke1 Rh1+ 33. Kd2 Rh2
34. Ke1 Rh1+ 35. Kd2 Ra1 36. Ng3 Rxa3 37. Ne4 a5 38. Nxf6+ Kc7 39. Re7+ Kb8 40.
Nd7+ Ka7 41. Ne5 Bd5 42. c4 Bxf3 43. d5 Kb8 44. d6 Bc6 45. Nxc6+ bxc6 46. c5 1-0

[Event "13th Parsvnath Open"]
[Site "New Delhi IND"]
[Date "2015.01.10"]
[Round "2.48"]
[White "Thing, Bibek"]
[Black "Gokhale, Chandrashekhar"]
[Result "1-0"]
[BlackTitle "IM"]
[WhiteElo "1979"]
[BlackElo "2254"]
[WhiteFideId "12303135"]
[BlackFideId "5001315"]
[EventDate "2015.01.09"]

1. e4 d6 2. d4 Nf6 3. Nc3 e5 4. Nf3 Nbd7 5. Bc4 Be7 6. O-O O-O 7. Re1 c6 8. a4
a5 9. h3 h6 10. Be3 Re8 11. dxe5 Nxe5 12. Nxe5 dxe5 13. Qf3 Qc7 14. Ne2 Be6 15.
Bxe6 fxe6 16. Ng3 Nh7 17. Qg4 Bg5 18. Bxg5 Nxg5 19. h4 Nh7 20. Nh5 Qf7 21. Ra3
Nf6 22. Nxf6+ Qxf6 23. Rf3 Qe7 24. Qh5 b6 25. Rg3 Ra7 26. Qxh6 Qb4 27. Ree3 Qxb2
28. Qg6 Rf7 29. h5 Qxc2 30. Ref3 Ree7 31. h6 Qd1+ 32. Kh2 Rxf3 33. Rxf3 Qd8 34.
hxg7 Rxg7 35. Qxe6+ Kh8 36. Rh3+ Rh7 37. Qxe5+ Kg8 38. Qe6+ Kh8 39. Rxh7+ Kxh7
40. Qxc6 Qd4 41. f4 Qe3 42. Qd7+ Kg8 43. Qg4+ Kf8 44. e5 Qe4 45. Qc8+ Ke7 46.
Qc7+ Ke8 47. Qc8+ Ke7 48. Qg4 Qxa4 49. Qg7+ Ke8 50. Qg6+ Ke7 51. Qf6+ Kd7 52.
e6+ Kc7 53. Qf7+ Kd6 54. e7 1-0

[Event "13th Parsvnath Open"]
[Site "New Delhi IND"]
[Date "2015.01.10"]
[Round "2.49"]
[White "Iasman, Inna"]
[Black "Sahoo, Utkal Ranjan"]
[Result "0-1"]
[WhiteElo "1950"]
[BlackElo "2247"]
[WhiteFideId "24125563"]
[BlackFideId "5034566"]
[EventDate "2015.01.09"]

1. d4 d5 2. c4 c6 3. Nc3 Nf6 4. Nf3 e6 5. e3 Nbd7 6. Bd3 dxc4 7. Bxc4 b5 8. Bd3
Bd6 9. Ne4 Nxe4 10. Bxe4 Bb7 11. O-O O-O 12. Qc2 f5 13. Bd3 c5 14. Be2 c4 15. a4
a6 16. b3 cxb3 17. Qxb3 Bd5 18. Qb2 b4 19. Bd2 Qf6 20. Rfc1 a5 21. Be1 Qg6 22.
Nh4 Qh6 23. f4 g5 24. fxg5 Qxg5 25. Bf2 Nf6 26. Nf3 Qg7 27. Ne1 Qh6 28. h3 Ra7
29. Bf3 Ne4 30. Qe2 Rg7 31. Kh1 Kh8 32. Rc2 Rfg8 33. Rac1 Rg3 34. Qf1 b3 35. Re2
R3g7 36. Nd3 Nd2 37. Rxd2 Qxh3+ 0-1

[Event "13th Parsvnath Open"]
[Site "New Delhi IND"]
[Date "2015.01.10"]
[Round "2.50"]
[White "Upadhyay, R"]
[Black "Pranav, Shetty"]
[Result "0-1"]
[WhiteElo "1942"]
[BlackElo "2217"]
[WhiteFideId "5001773"]
[BlackFideId "5035058"]
[EventDate "2015.01.09"]

1. Nf3 Nf6 2. g3 g6 3. Bg2 Bg7 4. O-O O-O 5. c4 d6 6. Nc3 Nc6 7. d4 a6 8. d5 Na5
9. Nd2 c5 10. Qc2 Rb8 11. b3 b5 12. Bb2 e5 13. dxe6 Bxe6 14. cxb5 axb5 15. Rfd1
Qe7 16. Nde4 b4 17. Nxf6+ Qxf6 18. Na4 Qe7 19. Bxg7 Kxg7 20. Nb2 Rfd8 21. Nd3 g5
22. f4 h6 23. Nf2 f6 24. Rac1 Rbc8 25. Nd3 Bf5 26. Qd2 d5 27. Nf2 d4 28. Nd3 Re8
29. Rc2 c4 30. Qxb4 cxd3 31. Qxe7+ Rxe7 32. Rxc8 dxe2 33. Rcc1 exd1=Q+ 34. Rxd1
d3 35. g4 Bxg4 36. Rxd3 gxf4 37. Kf2 Re2+ 38. Kf1 Rxa2 39. Rd4 Nxb3 40. Rxf4 Be6
41. Rf3 Nd2+ 0-1

[Event "13th Parsvnath Open"]
[Site "New Delhi IND"]
[Date "2015.01.10"]
[Round "2.51"]
[White "Ashwath, R."]
[Black "Sa, Kannan"]
[Result "0-1"]
[WhiteElo "2216"]
[BlackElo "1908"]
[WhiteFideId "5021049"]
[BlackFideId "5018340"]
[EventDate "2015.01.09"]

1. d4 d5 2. Nf3 Nf6 3. c4 e6 4. e3 c6 5. Bd3 Nbd7 6. Nbd2 Bd6 7. b3 e5 8. cxd5
cxd5 9. dxe5 Nxe5 10. Nxe5 Bxe5 11. Rb1 O-O 12. O-O Qb6 13. Nf3 Bg4 14. h3 Bxf3
15. Qxf3 Rac8 16. Rd1 Rfe8 17. Bf5 Rc7 18. Bb2 g6 19. Bxe5 Rxe5 20. Bd3 Kg7 21.
Qe2 h5 22. Qb2 Rce7 23. Be2 Qe6 24. Bf3 g5 25. Qd4 g4 26. hxg4 hxg4 27. Be2 Rh5
28. g3 Qf5 29. Bf1 Re8 30. Bg2 Reh8 31. Qf4 Qh7 32. Kf1 Rf5 33. Qd6 Qh2 34. Rd4
Ne4 35. Rxe4 dxe4 36. Qd4+ Rf6 37. Rc1 Rh5 38. Rc5 Qxg3 39. Qxf6+ Kxf6 40. Rxh5
Qc7 41. Bxe4 g3 42. fxg3 Qxg3 43. Ke2 b6 44. Rf5+ Ke6 45. Rf4 Qh2+ 46. Rf2 Qh5+
47. Bf3 Qb5+ 48. Ke1 Qe5 49. Ke2 f6 50. Bg4+ Kd6 51. Bf3 Qb2+ 52. Kf1 Qc1+ 53.
Ke2 Qb1 54. Bg4 Qxa2+ 55. Kf1 Qb1+ 56. Kg2 Qe4+ 57. Kg3 Qxe3+ 58. Rf3 Qe1+ 59.
Kg2 Ke7 60. Bf5 a5 61. Rf4 Qd2+ 62. Rf2 Qg5+ 63. Kf1 Kd6 64. Bd3 Ke5 65. Bc2 Kd4
66. Bd1 f5 67. Bc2 f4 68. Bd1 b5 69. Rd2+ Kc3 70. Rc2+ Kb4 71. Re2 Qd5 72. Ke1
Qd4 73. Rf2 Qe3+ 74. Kf1 Ka3 75. Kg2 Qc1 76. Bc2 a4 77. bxa4 bxa4 78. Be4 Kb4
79. Bd5 a3 80. Ba2 Qe3 81. Bb1 Kc3 82. Ba2 Qg3+ 83. Kf1 f3 84. Bd5 Qh3+ 85. Kg1
Qg4+ 86. Kf1 Qf4 87. Bxf3 a2 88. Rxa2 Qxf3+ 89. Rf2 Qh1+ 90. Ke2 Qe4+ 91. Kf1
Kd3 92. Rg2 Qf3+ 93. Kg1 Ke3 94. Kh2 Qd5 95. Kg1 Kf3 96. Kh2 Qh5+ 97. Kg1 Qh4
98. Ra2 Qg5+ 99. Kh1 Qh6+ 100. Kg1 Qg6+ 101. Kh1 Qb1+ 0-1

[Event "13th Parsvnath Open"]
[Site "New Delhi IND"]
[Date "2015.01.10"]
[Round "2.52"]
[White "Adhithya, S"]
[Black "Gajwa, Ankit"]
[Result "0-1"]
[WhiteElo "1925"]
[BlackElo "2215"]
[WhiteFideId "5084326"]
[BlackFideId "5077834"]
[EventDate "2015.01.09"]

1. d4 d5 2. Nf3 Nf6 3. g3 c6 4. Bg2 Bg4 5. O-O Nbd7 6. b3 e6 7. Bb2 Be7 8. Nbd2
O-O 9. c4 a5 10. a3 h6 11. Re1 Bf5 12. Ne5 Nxe5 13. dxe5 Nd7 14. e4 dxe4 15.
Nxe4 Nc5 16. Nxc5 Bxc5 17. Be4 Qb6 18. Qf3 Bxe4 19. Rxe4 Rad8 20. Rf1 Rd7 21.
Rg4 Qd8 22. Bc1 f5 23. Rg6 Qe8 24. Qh5 Kh7 25. Rxg7+ Rxg7 26. Qxh6+ Kg8 27. Rd1
Qg6 28. Qf4 Qg4 29. Qd2 f4 0-1